| 000 | 00813nam a2200253 a 4500 | ||
|---|---|---|---|
| 999 |
_c5701 _d5701 |
||
| 001 | 514982 | ||
| 003 | OSt | ||
| 005 | 20220610112349.0 | ||
| 008 | 851002s1984 ke a f 001 0 eng | ||
| 010 | _a 85980448 | ||
| 040 |
_aDLC _cALUPE UNIVERSITY _dDLC |
||
| 050 | 0 | 0 |
_aRD37 _b.B48 1984 |
| 082 | 0 | 0 |
_a617 _219 |
| 100 | 1 | _aBewes, Peter. | |
| 245 | 1 | 0 |
_aSurgery, a manual for rural health workers / _cPeter Bewes ; illustrated by the author. |
| 260 |
_aNairobi, Kenya : _bAfrican Medical and Research Foundation, _cc1984. |
||
| 300 |
_axii, 359 p. : _bills. ; _c30 cm. |
||
| 440 | 0 |
_aRural health series ; _v14 |
|
| 500 | _aIncludes index. | ||
| 650 | 0 |
_aSurgery _xHandbooks, manuals, etc. |
|
| 906 |
_a7 _bcbc _corignew _d4 _encip _f19 _gy-gencatlg |
||
| 942 |
_2lcc _cBK _nAB |
||